Motos campeonas del Dakar - Actualizado - Estadísticas

Estadísticas generales
  • Esta prueba ha sido intentada 29 veces
  • La puntuación promedio es 38 de 46
Estadísticas de respuestas
Hint Respuesta % Correcto
2025 KTM
96%
2023 KTM
96%
2019 KTM
96%
2018 KTM
96%
2017 KTM
96%
2016 KTM
96%
2015 KTM
96%
2014 KTM
96%
2013 KTM
96%
2012 KTM
96%
2011 KTM
96%
2010 KTM
96%
2009 KTM
96%
2007 KTM
96%
2006 KTM
96%
2005 KTM
96%
2004 KTM
96%
2003 KTM
96%
2002 KTM
96%
2001 KTM
96%
2024 Honda
85%
2021 Honda
85%
2020 Honda
85%
1989 Honda
85%
1988 Honda
85%
1987 Honda
85%
1986 Honda
85%
1982 Honda
85%
1998 Yamaha
81%
1997 Yamaha
81%
1996 Yamaha
81%
1995 Yamaha
81%
1993 Yamaha
81%
1992 Yamaha
81%
1991 Yamaha
81%
1980 Yamaha
81%
1979 Yamaha
81%
2022 Gas Gas
62%
2000 BMW
54%
1999 BMW
54%
1985 BMW
54%
1984 BMW
54%
1983 BMW
54%
1981 BMW
54%
1994 Cagiva
19%
1990 Cagiva
19%
No se encontraron pruebas coincidentes
Distribución de puntuación
Porcentaje de gente con cada puntuación
Porcentaje por número respondido
Historial de tus puntuaciones
No has intentado esta prueba.